| 000 | 00513nam a2200193Ia 4500 | ||
|---|---|---|---|
| 003 | GCL | ||
| 008 | 140319s9999 xx 000 0 eng d | ||
| 040 |
_aGCL / _cGCL |
||
| 082 | 0 | 4 |
_aCH _b371.04 _bS T |
| 100 | 1 | _aJOHNSON, FIONA | |
| 245 | 1 | 0 |
_aTHE USBORNE BIG BOOK OF EXPERIMENTS / _cJOHNSON, FIONA |
| 700 | 1 | _aSMITH, ALASTAIR | |
| 260 |
_a[S.N] : _bUSBORNE PUBLISHING LTD ، _c1996 |
||
| 300 | _a96 P | ||
| 650 | 0 | 4 | _aEXPERIMENTS - EDUCATION |
| 650 | 0 | 4 | _aCHILDREN |
| 650 | 0 | 4 | _aEDUCATION |
| 942 |
_2ddc _cBK |
||
| 999 |
_c13659 _d13659 |
||